|
|
|
|
| LEADER |
00857nam a2200181Ia 4500 |
| 001 |
CTU_161243 |
| 008 |
210402s9999 xx 000 0 und d |
| 082 |
|
|
|a 639.3
|
| 082 |
|
|
|b H116
|
| 245 |
|
0 |
|a Nguyên cứu sự đa dạng sinh học ký sinh trùng trên cá gai (Gasterosteus aculeatus) sống trong các mộ trường nước ngọt, lợ và mặn ở Hordaland, Na Uy :
|
| 245 |
|
0 |
|b Luận văn cao học chuyên ngành Nuôi trồng Thủy sản
|
| 245 |
|
0 |
|c Nguyễn Thị Thu Hằng ; Cán bộ hướng dẫn: Glenn a Bristow, Nguyễn Thanh Phương, Đặng Thị Hoàng Oanh
|
| 260 |
|
|
|a Cần Thơ
|
| 260 |
|
|
|b Trường Đại học Cần Thơ
|
| 260 |
|
|
|c 2006
|
| 650 |
|
|
|a Fish culture
|
| 904 |
|
|
|i Giang
|
| 980 |
|
|
|a Trung tâm Học liệu Trường Đại học Cần Thơ
|